| 000 | 00356nam a22001337a 4500 | ||
|---|---|---|---|
| 999 |
_c535224 _d535224 |
||
| 020 | _a978-1138483514M | ||
| 040 | _cMSOHAIL | ||
| 082 |
_a808.0427 _bDUN |
||
| 100 |
_a Daniel M Dunn _929670 |
||
| 245 | _aCommunication: Embracing Difference - 5th Edition | ||
| 260 |
_aRoutledge _cc2019 |
||
| 300 |
_a366;p _c7 x 0.75 x 9.75 inches |
||
| 942 |
_2ddc _cBK _e5th |
||